Gols pós-Copa do Mundo 2022 - Statistics

Estatísticas Gerais
  • Esse quiz foi jogado 81 vezes
  • A pontuação média é 8 de 14
Estatísticas das Respostas
Gols Jogadores % Correto
4 Jogos - 2 Gols Neymar Jr.
97%
13 Jogos - 3 Gols Vinicius Jr.
88%
15 Jogos - 5 Gols Rodrygo
87%
13 Jogos - 2 Gols Marquinhos
81%
11 Jogos - 2 Gols Raphinha
78%
10 Jogos - 3 Gols Endrick
73%
11 Jogos - 3 Gols Lucas Paquetá
73%
7 Jogos - 2 Gols Gabriel Martinelli
51%
8 Jogos - 1 Gol Éder Militão
49%
6 Jogos - 1 Gol Casemiro
48%
7 Jogos - 1 Gol Gabriel Magalhães
39%
7 Jogos - 1 Gol Savinho
28%
7 Jogos - 1 Gol Andreas Pereira
24%
5 Jogos - 1 Gol Joelinton
21%
Nenhum quiz correspondente encontrado
Distribuição das Pontuações
Porcentagem de Pessoas com Cada Pontuação
Percentil de Números Respondidos
Sua Pontuação Histórica
Você não jogou esse quiz